000 00593nam a2200217Ia 4500
003 OSt
005 20220926045019.0
006 a|||||r|||| 00| 0
007 ta
008 220923b |||||||| |||| 00| 0 eng d
037 _cGeneral Book
040 _aRTL
_cRTL
_beng
041 _2eng
_aeng
082 _aV74:1.N5, J3
100 _aCall Tomme Clark
_9349756
245 0 _aMexcian venture
_b From political to industrial revo
260 _c1953
650 _aOther Countries
_9231018
942 _hV74:1.N5, J3
_cGB
_2CC
999 _c676465
_d676465